| 000 | 01943nam a22002897a 4500 | ||
|---|---|---|---|
| 003 | OSt | ||
| 005 | 20260511105743.0 | ||
| 008 | 260428b |||||||| |||| 00| 0 eng d | ||
| 040 |
_aTBS _bEN _cTBS |
||
| 041 | _aeng | ||
| 100 |
_aIdrissi, Zineb Kamal _926910 _eauthor |
||
| 245 |
_aBlockchain, IoT and AI in logistics and transportation _b: a systematic review _c/ Idrissi, Z. K., Lachgar, M., & Hrimech, H. |
||
| 260 |
_bTransport Economics and Management, _c2024 |
||
| 300 | _a275–285 pages. | ||
| 490 | _vVolume 2 | ||
| 505 | _aDelivering the finest products to consumers at the optimal time, in the perfect location, at the right price, and with the highest quality - these are well-known requirements for logistics and transportation. However, in a dynamic context, it is getting more difficult to achieve these needs. There is a transition from traditional to smart supply chains. The highly dynamic logistics market and the complexity of supply chains require new methods, and services. Aspects such as flexibility, adaptability and traceability are becoming more important and can only be accomplished through the integration of new technologies, especially Blockchain and the Internet of Things (IoT), and artificial intelligence( AI). Therefore, this paper aims to conduct a systematic review of the academic literature on Blockchain, IoT and AI in the context of Smart Logistics. | ||
| 630 | 0 |
_aB2 PBT The World of Transportation (BiM) _926909 |
|
| 650 | 0 |
_aTransportation _xManagement _926913 |
|
| 650 | 0 |
_aTransportation demand management _926915 |
|
| 650 | 0 |
_aBusiness logistics _92448 |
|
| 650 | 0 |
_aInnovation/Technology Management _926914 |
|
| 650 | 0 |
_aManagement information systems _91250 |
|
| 700 |
_aLachgar, Mohamed _926911 _eauthor |
||
| 700 |
_aHrimech, Hamid _926912 _eauthor |
||
| 856 | _uhttps://research-ebsco-com.hub.tbs-education.fr/linkprocessor/plink?id=cc5ff67d-5657-3334-a5c7-ef29a164100f | ||
| 942 | _2lcc | ||
| 999 |
_c5438 _d5438 |
||